[Event "Recordando los clásicos"]
[Site "SchemingMind.com"]
[Date "2008.12.11"]
[Round "-"]
[White "lemmie"]
[Black "ilhado"]
[Result "1-0"]
[WhiteCountry "NED"]
[BlackCountry "BRA"]
[WhiteElo "1745"]
[WhiteRD "51"]
[BlackElo "1719"]
[BlackRD "76"]
[GameID "182743"]

1. e4 e5 2. f4 exf4 3. Nf3 d6 4. Be2 Nf6 5. d3 Nh5 6. O-O g6 7. Ne1 Bh6 8. Bxh5 gxh5 9. Qxh5 Qf6 10. Nc3 Be6
11. Qb5+ Nd7 12. Qxb7 O-O 13. Qxc7 Qg6 14. Qxd6 Rfb8 15. Nd5 Bxd5 16. Qxd5 Nf6 17. Qa5 Nh5 18. Nf3 Ng7 19. Ne5 Qe6 20. Nc4 Nh5
21. Qxh5
1-0

[Event "Recordando los clásicos"]
[Site "SchemingMind.com"]
[Date "2008.12.11"]
[Round "-"]
[White "lemmie"]
[Black "TONYTODD11"]
[Result "1-0"]
[WhiteCountry "NED"]
[BlackCountry "ENG"]
[WhiteElo "1745"]
[WhiteRD "51"]
[BlackElo "1496"]
[BlackRD "71"]
[GameID "182744"]

1. e4 e5 2. f4 d6 3. d3 Nc6 4. Nf3 Bg4 5. Be2 Bxf3 6. Bxf3 Nd4 7. O-O Nf6 8. Be3 c5 9. c3 Ne6 10. f5 Nf4
11. g3 Nh3+ 12. Kg2 Qb6 13. Qa4+ Nd7 14. Qc2 Nf4+ 15. gxf4 g6 16. Bg4 Nf6 17. Bh3 O-O-O 18. fxg6+ Nd7 19. gxf7 Bh6 20. Qb3 Qa6
21. Qd5 Kb8 22. Bxd7 Rxd7 23. fxe5 Bg7 24. e6 Re7 25. Qg5 Rxe6 26. Qxg7 Rg6+ 27. Qxg6 hxg6 28. f8=Q+
1-0

[Event "Recordando los clásicos"]
[Site "SchemingMind.com"]
[Date "2008.12.11"]
[Round "-"]
[White "lemmie"]
[Black "fouche"]
[Result "1-0"]
[WhiteCountry "NED"]
[BlackCountry "COL"]
[WhiteElo "1745"]
[WhiteRD "51"]
[BlackElo "1558"]
[BlackRD "58"]
[GameID "182745"]

1. e4 e5 2. f4 exf4 3. Nf3 d5 4. exd5 Bd6 5. d4 Ne7 6. c4 b6 7. Nc3 Ng6 8. Bd3 O-O 9. O-O Bg4 10. Qe1 Re8
11. Qf2 Nd7 12. Bd2 Nf6 13. Rfe1 Qd7 14. Bxg6 hxg6 15. Ne5 Bxe5 16. dxe5 Nh7 17. Qxf4 Bf5 18. Nb5 Bd3 19. e6 fxe6 20. dxe6 Rxe6
21. Rxe6 Qxe6 22. Nxc7 Qxc4 23. Qxc4+
1-0

[Event "Recordando los clásicos"]
[Site "SchemingMind.com"]
[Date "2008.12.15"]
[Round "-"]
[White "lemmie"]
[Black "janez"]
[Result "1-0"]
[WhiteCountry "NED"]
[BlackCountry "SLO"]
[WhiteElo "1762"]
[WhiteRD "51"]
[BlackElo "1582"]
[BlackRD "67"]
[GameID "182746"]

1. e4 e5 2. f4 exf4 3. Nf3 g5 4. h4 g4 5. Ne5 Be7 6. Qxg4 d6 7. Qg7 Bxh4+ 8. Kd1 Qf6 9. Qxf7+ Qxf7 10. Nxf7 Kxf7
11. Rxh4 Ke7 12. d3 Nf6 13. Bxf4 Nc6 14. Nc3 Be6 15. Kd2 h5 16. Be2 Nd4 17. Rah1 Nxe2 18. Nxe2 Bxa2 19. b3 a5 20. Nc3 Bxb3
21. cxb3 c6 22. Bg5 Rag8 23. Bxf6+ Kxf6 24. g4 b5 25. gxh5 Rg7 26. h6 Rgh7 27. Ke3 Kg6 28. Rg4+ Kf6 29. Rgh4 Kg6 30. d4 Rxh6
31. Rxh6+ Rxh6 32. Rxh6+ Kxh6 33. Kf4 Kg6 34. d5 cxd5 35. Nxb5 dxe4 36. Nxd6 e3 37. Kxe3 Kf6 38. Nb7 Ke6 39. Kd4 a4 40. Nc5+ Kd6
41. Nxa4 Kc6 42. Kc4 Kb7 43. b4 Kb8 44. Kc5 Kb7 45. b5 Kb8 46. b6 Kb7 47. Kb5 Kb8 48. Ka6 Ka8 49. b7+ Kb8 50. Nc3 Kc7
51. Ka7
1-0

[Event "Recordando los clásicos"]
[Site "SchemingMind.com"]
[Date "2008.12.17"]
[Round "-"]
[White "lemmie"]
[Black "slotheman"]
[Result "1-0"]
[WhiteCountry "NED"]
[BlackCountry "USA"]
[WhiteElo "1788"]
[WhiteRD "52"]
[BlackElo "1679"]
[BlackRD "80"]
[GameID "182747"]

1. e4 e5 2. f4 Bc5 3. Nf3 exf4 4. d4 Bb6 5. Bxf4 Nf6 6. e5 Nd5 7. Bg5 f6 8. exf6 Nxf6 9. Qe2+ Kf8 10. Nbd2 h6
11. Bh4 d6 12. O-O-O g5 13. Bg3 Bg4 14. h3 Bxf3 15. Qxf3 c6 16. Bd3 Bxd4 17. Rhf1 Kg7 18. c3 Bb6 19. Ne4 Rf8 20. Nxd6 Qe7
21. Nf5+ Kf7 22. Bc4+ Nd5 23. Nxe7+ Kxe7 24. Qxf8+
1-0

[Event "Recordando los clásicos"]
[Site "SchemingMind.com"]
[Date "2008.12.10"]
[Round "-"]
[White "lemmie"]
[Black "aadaam"]
[Result "1-0"]
[WhiteCountry "NED"]
[BlackCountry "INT"]
[WhiteElo "1701"]
[WhiteRD "50"]
[BlackElo "1778"]
[BlackRD "44"]
[GameID "182748"]

1. e4 e5 2. f4 exf4 3. Nf3 d5 4. exd5 Nf6 5. Bb5+ Bd7 6. Bxd7+ Qxd7 7. Qe2+ Be7 8. d4 Nxd5 9. c4 Nf6 10. Bxf4 O-O
11. O-O Re8 12. Nc3 Nc6 13. Qf2 Ng4 14. Qd2 Bf6 15. h3 Nh6 16. Bxh6 gxh6 17. Qxh6 Bxd4+ 18. Nxd4 Qxd4+ 19. Kh1 Re6 20. Qh5 Rg6
21. Qd5 Qxd5 22. Nxd5 Re8 23. Nf6+
1-0

[Event "Recordando los clásicos"]
[Site "SchemingMind.com"]
[Date "2008.12.10"]
[Round "-"]
[White "ilhado"]
[Black "lemmie"]
[Result "0-1"]
[WhiteCountry "BRA"]
[BlackCountry "NED"]
[WhiteElo "1719"]
[WhiteRD "76"]
[BlackElo "1745"]
[BlackRD "51"]
[GameID "182749"]

1. e4 e5 2. f4 exf4 3. Nf3 g5 4. Bc4 g4 5. Ne5 Qh4+ 6. Kf1 Nh6 7. d4 d6 8. Bxf4 dxe5 9. Bxe5 Rg8 10. g3 Qe7
11. Qd2 Nc6 12. Nc3 Nxe5 13. dxe5 c6 14. Kg2 Rg5 15. Rad1 Rxe5 16. Rhf1 Bg7 17. a3 f5 18. exf5 Nxf5 19. Rde1 Bd7 20. Rxe5 Bxe5
21. b4 O-O-O 22. Bd3 Bxc3 23. Qxc3 Ne3+
0-1

[Event "Recordando los clásicos"]
[Site "SchemingMind.com"]
[Date "2008.12.11"]
[Round "-"]
[White "TONYTODD11"]
[Black "lemmie"]
[Result "0-1"]
[WhiteCountry "ENG"]
[BlackCountry "NED"]
[WhiteElo "1496"]
[WhiteRD "71"]
[BlackElo "1745"]
[BlackRD "51"]
[GameID "182750"]

1. e4 e5 2. f4 exf4 3. Nf3 g5 4. b3 Bg7 5. d4 g4 6. Ne5 Qh4+ 7. Kd2 d6 8. Nd3 Bxd4 9. c3 Be3+ 10. Kc2 Qg5
11. Bxe3 fxe3 12. Be2 Nf6 13. Rf1 Nxe4 14. Rf3 gxf3 15. Bxf3 Bf5 16. c4 Nc6 17. Qe1 Nf2 18. Nd2 Nb4+ 19. Kc3 Qf6+
0-1

[Event "Recordando los clásicos"]
[Site "SchemingMind.com"]
[Date "2008.12.12"]
[Round "-"]
[White "fouche"]
[Black "lemmie"]
[Result "0-1"]
[WhiteCountry "COL"]
[BlackCountry "NED"]
[WhiteElo "1558"]
[WhiteRD "58"]
[BlackElo "1745"]
[BlackRD "51"]
[GameID "182751"]

1. e4 e5 2. f4 exf4 3. Bc4 Qh4+ 4. Kf1 Nf6 5. Nf3 Qh6 6. Nc3 Be7 7. d4 d6 8. e5 dxe5 9. Nxe5 O-O 10. Qf3 g5
11. Bd2 Bd6 12. h3 Bxe5 13. dxe5 Nfd7 14. Re1 Nc6 15. e6 Nde5 16. exf7+ Kg7 17. Qe4 Bf5 18. Qxf5 Nxc4 19. Bc1 Rxf7 20. Qg4 N6e5
21. Qd1 Rd7 22. Qe2 Re8 23. Kg1 Rde7 24. Qf2 Nf3+ 25. gxf3 Rxe1+ 26. Kg2 Rxh1 27. Kxh1 Qxh3+ 28. Kg1 Ne5 29. Qg2 Nxf3+ 30. Kf2 Qxg2+
31. Kxg2 Ne1+
0-1

[Event "Recordando los clásicos"]
[Site "SchemingMind.com"]
[Date "2008.12.15"]
[Round "-"]
[White "janez"]
[Black "lemmie"]
[Result "0-1"]
[WhiteCountry "SLO"]
[BlackCountry "NED"]
[WhiteElo "1636"]
[WhiteRD "74"]
[BlackElo "1788"]
[BlackRD "52"]
[GameID "182752"]

1. e4 e5 2. f4 exf4 3. Nf3 g5 4. h4 g4 5. Ne5 Nf6 6. d3 d6 7. Nc4 d5 8. exd5 Nxd5 9. Bd2 Be7 10. Qe2 O-O
11. Nc3 Bxh4+ 12. Kd1 Nxc3+ 13. Bxc3 Re8 14. Qd2 Re1+ 15. Qxe1 Bxe1 16. Bxe1 Nc6 17. c3 Bf5 18. Kc2 b5 19. Nd2 Ne5 20. Bh4 Bxd3+
21. Kb3 Qd5+ 22. Kb4 Nc6+ 23. Ka3 Qc5+ 24. Kb3 Na5#
0-1

[Event "Recordando los clásicos"]
[Site "SchemingMind.com"]
[Date "2008.12.17"]
[Round "-"]
[White "slotheman"]
[Black "lemmie"]
[Result "0-1"]
[WhiteCountry "USA"]
[BlackCountry "NED"]
[WhiteElo "1674"]
[WhiteRD "78"]
[BlackElo "1754"]
[BlackRD "52"]
[GameID "182753"]

1. e4 e5 2. f4 exf4 3. Nf3 g5 4. h4 g4 5. Ne5 Nc6 6. d4 Nxe5 7. dxe5 f6 8. Qxg4 Qe7 9. a3 fxe5 10. Qh5+ Kd8
11. Bd3 Nf6 12. Qf3 d6 13. Bd2 Bg4 14. Qf1 Kc8 15. Nc3 h5 16. Ne2 Bh6 17. O-O-O Qf7 18. Kb1 Qg6 19. Re1 Nxe4 20. Bxe4 Qxe4
21. Nxf4 Qf5 22. Be3 Bxf4 23. Qf2 Bxe3 24. Qxe3 Kd7 25. Rhf1 Qe6 26. Rf2 a6 27. Ref1 Rae8 28. Qe4 c6 29. Qb4 Kc8 30. Rf7 Re7
31. Rf8+ Rxf8 32. Rxf8+ Re8 33. Rf1 Qd5 34. Qb6 Qb5 35. Qf2 Qd5 36. Qa7 Kc7 37. Rf6 e4 38. Rh6 e3 39. Rh7+ Bd7 40. Rxd7+ Kxd7
41. Qxb7+ Ke6 42. Qxa6 Kf6 43. Qe2 Re5 44. c4 Qe4+ 45. Ka2 Qd4 46. a4 Qd2 47. Ka3 Qxe2
0-1

[Event "Recordando los clásicos"]
[Site "SchemingMind.com"]
[Date "2008.12.10"]
[Round "-"]
[White "aadaam"]
[Black "lemmie"]
[Result "0-1"]
[WhiteCountry "INT"]
[BlackCountry "NED"]
[WhiteElo "1778"]
[WhiteRD "44"]
[BlackElo "1701"]
[BlackRD "50"]
[GameID "182754"]

1. e4 e5 2. f4 exf4 3. Nf3 g5 4. d4 g4 5. Bxf4 gxf3 6. Qxf3 Nc6 7. Bc4 d5 8. Bxd5 Nxd4 9. Qh5 Qe7 10. O-O Nf6
11. Bxf7+ Qxf7 12. Qxf7+ Kxf7 13. Nc3 Ke6 14. Bxc7 Nxc2 15. Rad1 Bc5+ 16. Kh1 Ne3
0-1

[Event "Recordando los clásicos"]
[Site "SchemingMind.com"]
[Date "2008.12.15"]
[Round "-"]
[White "ajedrez perfecto"]
[Black "ilhado"]
[Result "0-1"]
[WhiteCountry "BAH"]
[BlackCountry "BRA"]
[WhiteElo "1484"]
[WhiteRD "76"]
[BlackElo "1768"]
[BlackRD "78"]
[GameID "182783"]

1. e4 e5 2. f4 exf4 3. Nf3 d6 4. d4 Bg4 5. Bxf4= Nc6 6. Nc3 g6 7. d5 Ne5 8. Bxe5= dxe5 9. Bb5+ Bd7 10. Bxd7+ Qxd7
11. Nxe5 Qe7 12. Nf3 Bg7 13. Qd3 O-O-O 14. O-O Qc5+ 15. Kh1 Ne7 16. Qb5 Qxb5 17. Nxb5 a6 18. Nc3 f5 19. exf5 Nxd5 20. Nxd5 Rxd5
21. fxg6 hxg6 22. c3 g5
0-1

[Event "Recordando los clásicos"]
[Site "SchemingMind.com"]
[Date "2008.12.15"]
[Round "-"]
[White "ajedrez perfecto"]
[Black "TONYTODD11"]
[Result "0-1"]
[WhiteCountry "BAH"]
[BlackCountry "ENG"]
[WhiteElo "1484"]
[WhiteRD "76"]
[BlackElo "1554"]
[BlackRD "73"]
[GameID "182784"]

1. e4 e5 2. f4 exf4 3. Nf3 g5 4. Bc4 d6 5. h4 Be7 6. hxg5 Bxg5 7. c3 Bg4 8. Qb3 Bh4+ 9. Nxh4 Qe7 10. Qxb7 Nf6
11. Qxa8 O-O 12. O-O c6 13. Rxf4 d5 14. exd5 Qe1+ 15. Rf1 Qxh4 16. Qxa7 Ne4
0-1

[Event "Recordando los clásicos"]
[Site "SchemingMind.com"]
[Date "2008.12.15"]
[Round "-"]
[White "ajedrez perfecto"]
[Black "fouche"]
[Result "1-0"]
[WhiteCountry "BAH"]
[BlackCountry "COL"]
[WhiteElo "1571"]
[WhiteRD "83"]
[BlackElo "1525"]
[BlackRD "51"]
[GameID "182785"]

1. e4 e5 2. f4 exf4 3. Nf3 d5 4. exd5 Bd6 5. d4 Ne7 6. c4 b6 7. Bd3 Ng6 8. O-O O-O 9. Nc3 Bg4 10. Qc2 Nd7
11. Ne4 Nf6 12. Nfg5 Nxe4 13. Nxe4 Bf5 14. Bd2 Qg5 15. Nxg5
1-0

[Event "Recordando los clásicos"]
[Site "SchemingMind.com"]
[Date "2008.12.15"]
[Round "-"]
[White "ajedrez perfecto"]
[Black "janez"]
[Result "0-1"]
[WhiteCountry "BAH"]
[BlackCountry "SLO"]
[WhiteElo "1484"]
[WhiteRD "76"]
[BlackElo "1582"]
[BlackRD "67"]
[GameID "182786"]

1. e4 e5 2. f4 exf4 3. Nf3 g5 4. h4 g4 5. Ne5 d6 6. Nxg4 Nc6 7. d4 Nh6 8. Nf2 Qf6 9. c3 Bd7 10. Qf3 O-O-O
11. Qxf4 Qxf4 12. Bxf4 Ng4 13. Nd2 h5 14. Be2 Nxf2 15. Kxf2 f5 16. Rhe1 fxe4
0-1

[Event "Recordando los clásicos"]
[Site "SchemingMind.com"]
[Date "2008.12.15"]
[Round "-"]
[White "ajedrez perfecto"]
[Black "lemmie"]
[Result "0-1"]
[WhiteCountry "BAH"]
[BlackCountry "NED"]
[WhiteElo "1484"]
[WhiteRD "76"]
[BlackElo "1762"]
[BlackRD "51"]
[GameID "182787"]

1. e4 e5 2. f4 exf4 3. Nf3 g5 4. Ne5 Qe7 5. d4 d6 6. Nd3 Qxe4+ 7. Qe2 Qxe2+ 8. Bxe2 Nc6 9. c3 Bf5 10. O-O O-O-O
11. Nf2 Re8 12. Bf3 Nf6 13. Na3 Ne4 14. Nxe4 Bxe4 15. Re1 d5 16. c4 Bxa3 17. bxa3 Nxd4 18. Bb2 c5 19. cxd5 Bxf3 20. Bxd4 cxd4
21. gxf3 Rd8 22. Re5 f6
0-1

[Event "Recordando los clásicos"]
[Site "SchemingMind.com"]
[Date "2008.12.17"]
[Round "-"]
[White "ajedrez perfecto"]
[Black "slotheman"]
[Result "0-1"]
[WhiteCountry "BAH"]
[BlackCountry "USA"]
[WhiteElo "1484"]
[WhiteRD "76"]
[BlackElo "1715"]
[BlackRD "78"]
[GameID "182788"]

1. e4 e5 2. f4 exf4 3. Nf3 Be7 4. Bc4 Nf6 5. e5 Ng4 6. Nc3 Bh4+ 7. Kf1 Nf2 8. Qe1 O-O 9. Rg1 Nd3 10. Qxh4 Nxe5
11. Qxd8 Rxd8 12. Nxe5 Rf8 13. d4 d6 14. Nf3 Bf5
0-1

[Event "Recordando los clásicos"]
[Site "SchemingMind.com"]
[Date "2008.12.15"]
[Round "-"]
[White "ajedrez perfecto"]
[Black "aadaam"]
[Result "1-0"]
[WhiteCountry "BAH"]
[BlackCountry "INT"]
[WhiteElo "1571"]
[WhiteRD "83"]
[BlackElo "1753"]
[BlackRD "46"]
[GameID "182789"]

1. e4 e5 2. f4 exf4 3. Nf3 d5 4. exd5 Nf6 5. d4 Nxd5 6. Bc4 g5 7. O-O Be7 8. Nc3 Nxc3 9. bxc3 Bg4 10. Qe1 O-O
11. Ne5 Be6 12. Bxe6 fxe6 13. h4 Nd7 14. hxg5 Bxg5 15. Nf3 h6 16. Qxe6+ Kg7 17. Rb1 Rf6 18. Qg4 Rb6 19. Rxb6 axb6 20. Bxf4 Nf6
21. Be5 Kg6 22. Bxf6 Qxf6 23. Ne5+
1-0

[Event "Recordando los clásicos"]
[Site "SchemingMind.com"]
[Date "2008.12.11"]
[Round "-"]
[White "ilhado"]
[Black "ajedrez perfecto"]
[Result "1-0"]
[WhiteCountry "BRA"]
[BlackCountry "BAH"]
[WhiteElo "1768"]
[WhiteRD "78"]
[BlackElo "1484"]
[BlackRD "76"]
[GameID "182790"]

1. e4 e5 2. f4 Qh4+ 3. g3 Qe7 4. Nf3 exf4 5. Nc3 Nf6 6. d4 fxg3 7. hxg3 Nxe4 8. Nxe4 Qxe4+ 9. Be2 Bd6 10. Bf4 Bxf4
11. gxf4 Qxf4 12. Rg1 g6 13. Qd2 Qxd2+ 14. Nxd2 d6 15. Nf3 Nc6 16. d5 Ne5 17. Nxe5 dxe5 18. Kd2
1-0

[Event "Recordando los clásicos"]
[Site "SchemingMind.com"]
[Date "2008.12.12"]
[Round "-"]
[White "TONYTODD11"]
[Black "ajedrez perfecto"]
[Result "1-0"]
[WhiteCountry "ENG"]
[BlackCountry "BAH"]
[WhiteElo "1542"]
[WhiteRD "70"]
[BlackElo "1571"]
[BlackRD "83"]
[GameID "182791"]

1. e4 e5 2. f4 Qh4+ 3. g3 Qe7 4. Nf3 exf4 5. Nc3 fxg3 6. hxg3 d5 7. e5 Be6 8. d4 Nc6 9. Bb5 Qd7 10. Ba4 O-O-O
11. Nb5 Kb8 12. Nxa7 Kxa7 13. c3 Nge7 14. Bg5
1-0

[Event "Recordando los clásicos"]
[Site "SchemingMind.com"]
[Date "2008.12.11"]
[Round "-"]
[White "fouche"]
[Black "ajedrez perfecto"]
[Result "1-0"]
[WhiteCountry "COL"]
[BlackCountry "BAH"]
[WhiteElo "1525"]
[WhiteRD "51"]
[BlackElo "1571"]
[BlackRD "83"]
[GameID "182792"]

1. e4 e5 2. f4 Qh4+ 3. g3 Qe7 4. Nf3 exf4 5. Nc3 fxg3 6. hxg3 d5= 7. Nxd5 Qxe4+ 8. Qe2 Qxe2+ 9. Bxe2 Bd6 10. Kf2 Ne7
11. Nxe7 Bxe7 12. d4 c6 13. Bf4 Bg4 14. Bd3
1-0

[Event "Recordando los clásicos"]
[Site "SchemingMind.com"]
[Date "2008.12.15"]
[Round "-"]
[White "janez"]
[Black "ajedrez perfecto"]
[Result "1-0"]
[WhiteCountry "SLO"]
[BlackCountry "BAH"]
[WhiteElo "1582"]
[WhiteRD "67"]
[BlackElo "1484"]
[BlackRD "76"]
[GameID "182793"]

1. e4 e5 2. f4 Qh4+ 3. g3 Qe7 4. f5 d5 5. d3 dxe4 6. dxe4 Qd7 7. Qxd7+ Bxd7 8. Nc3 Bb4 9. Bd2 Nf6 10. Bg2 Bc6
11. O-O-O Nbd7 12. a3 Ba5 13. Nge2 O-O-O 14. b4 Bb6 15. b5 Ng4 16. Be1 Ne3 17. Rd3 Nxg2 18. bxc6
1-0

[Event "Recordando los clásicos"]
[Site "SchemingMind.com"]
[Date "2008.12.11"]
[Round "-"]
[White "lemmie"]
[Black "ajedrez perfecto"]
[Result "1-0"]
[WhiteCountry "NED"]
[BlackCountry "BAH"]
[WhiteElo "1762"]
[WhiteRD "51"]
[BlackElo "1484"]
[BlackRD "76"]
[GameID "182794"]

1. e4 e5 2. f4 Qh4+ 3. g3 Qe7 4. fxe5 d6 5. exd6 Qxe4+ 6. Qe2 Qxe2+= 7. Nxe2 Bxd6 8. Nbc3 Bf5 9. Nd4 Bd7 10. Bg2 Nc6
11. Nxc6 bxc6 12. d3 Ne7 13. Bf4 Bxf4 14. gxf4 Be6 15. b3 Bd5 16. Rg1 Bxg2 17. Rxg2 g6 18. Re2 Kd7 19. O-O-O Rhe8 20. Ne4 Rad8
21. Nf6+ Kc8 22. Nxe8 Rxe8 23. Rde1 Kd7 24. c4
1-0

[Event "Recordando los clásicos"]
[Site "SchemingMind.com"]
[Date "2008.12.17"]
[Round "-"]
[White "slotheman"]
[Black "ajedrez perfecto"]
[Result "1/2-1/2"]
[WhiteCountry "USA"]
[BlackCountry "BAH"]
[WhiteElo "1679"]
[WhiteRD "80"]
[BlackElo "1571"]
[BlackRD "83"]
[GameID "182795"]

1. e4 e5 2. f4 Qh4+ 3. g3 Qe7 4. Nc3 Nf6 5. Nf3 exf4 6. e5 fxg3= 7. hxg3 d6 8. d4 Nc6 9. Bf4 Nd7 10. Qe2 dxe5
11. dxe5 f6 12. exf6 Qxe2+=
1/2-1/2

[Event "Recordando los clásicos"]
[Site "SchemingMind.com"]
[Date "2008.12.10"]
[Round "-"]
[White "aadaam"]
[Black "ajedrez perfecto"]
[Result "1/2-1/2"]
[WhiteCountry "INT"]
[BlackCountry "BAH"]
[WhiteElo "1753"]
[WhiteRD "46"]
[BlackElo "1571"]
[BlackRD "83"]
[GameID "182796"]

1. e4 e5 2. f4 Qh4+ 3. g3 Qe7 4. d3 d5 5. exd5 exf4+ 6. Qe2 fxg3= 7. hxg3 Qxe2+= 8. Nxe2 Na6 9. a3 Bg4 10. Bh3 Bf3
11. Rf1 Bxd5 12. Nbc3 Bc6 13. Bf4 Bd6 14. O-O-O Bxf4+ 15. Rxf4 Nf6 16. Nd4 Bd7 17. Re1+ Kd8 18. Bg2 c6 19. b4 Nc7=
1/2-1/2

[Event "Recordando los clásicos"]
[Site "SchemingMind.com"]
[Date "2008.12.12"]
[Round "-"]
[White "keen"]
[Black "ilhado"]
[Result "0-1"]
[WhiteCountry "SCO"]
[BlackCountry "BRA"]
[WhiteElo "1638"]
[WhiteRD "56"]
[BlackElo "1719"]
[BlackRD "76"]
[GameID "182804"]

1. e4 e5 2. f4 d6 3. Nf3 exf4 4. d4 g5 5. Nc3 g4 6. Bxf4 gxf3 7. Qxf3 Qf6 8. O-O-O Bh6 9. Nd5 Bxf4+ 10. Nxf4 Nc6
11. Bb5 Bd7 12. Rhe1 O-O-O 13. e5 dxe5 14. dxe5 Qg5 15. Kb1 Nge7 16. g3 Bg4 17. Rxd8+ Rxd8 18. Qe4 Bf5 19. Qe3 Nd4 20. Bd3 Nec6
21. a3 Re8 22. Bxf5+ Qxf5 23. Qc3 Rxe5 24. Rf1 Ne2 25. Qf3 Ncd4 26. Qd3 Qxd3 27. Nxd3 Rf5 28. Nf4 Nxf4 29. g4 Rf6
0-1

[Event "Recordando los clásicos"]
[Site "SchemingMind.com"]
[Date "2008.12.12"]
[Round "-"]
[White "keen"]
[Black "TONYTODD11"]
[Result "0-1"]
[WhiteCountry "SCO"]
[BlackCountry "ENG"]
[WhiteElo "1694"]
[WhiteRD "57"]
[BlackElo "1490"]
[BlackRD "75"]
[GameID "182805"]

1. e4 e5 2. f4 Qh4+ 3. g3 Qf6 4. d4 d6 5. dxe5 dxe5 6. Nc3 Bb4 7. Bd2 exf4 8. Bxf4 Bxc3+ 9. bxc3 Qxc3+ 10. Kf2 b6
11. Nf3 Nf6 12. Bg2 Nxe4+ 13. Kg1 Bf5 14. Ng5 Qc5+
0-1

[Event "Recordando los clásicos"]
[Site "SchemingMind.com"]
[Date "2008.12.12"]
[Round "-"]
[White "keen"]
[Black "fouche"]
[Result "1/2-1/2"]
[WhiteCountry "SCO"]
[BlackCountry "COL"]
[WhiteElo "1638"]
[WhiteRD "56"]
[BlackElo "1558"]
[BlackRD "58"]
[GameID "182806"]

1. e4 e5 2. f4 exf4 3. Nf3 d5 4. exd5 Bd6 5. Bb5+ Bd7 6. Nc3 Ne7 7. d4 O-O 8. Bd3 Ng6 9. O-O a6 10. Bd2 Bg4
11. Qc1 c5 12. h3 Bxf3 13. Rxf3 Qc7 14. Ne4 cxd4 15. Nxd6 Qxd6 16. Bxg6 Qxg6 17. Rxf4 Nd7 18. Rg4 Qf5 19. Bh6 g6 20. Bxf8 Rxf8
21. Rxd4 Nf6 22. c4 Rc8 23. Qe3 Re8 24. Qf3 Qg5 25. Rf4 Nh5 26. Rxf7 Re3 27. Rf8+ Kg7 28. Qf7+ Kh6 29. Qg8 Rxh3 30. Rf7 Qe3+
31. Rf2 Rh1+ 32. Kxh1 Qxf2 33. d6 Qh4+= 34. Kg1 Qd4+ 35. Kh1 Qh4+ 36. Kg1 Qd4+ 37. Kh1 Qh4+ 38. Kg1
1/2-1/2

[Event "Recordando los clásicos"]
[Site "SchemingMind.com"]
[Date "2008.12.15"]
[Round "-"]
[White "keen"]
[Black "janez"]
[Result "0-1"]
[WhiteCountry "SCO"]
[BlackCountry "SLO"]
[WhiteElo "1671"]
[WhiteRD "56"]
[BlackElo "1582"]
[BlackRD "67"]
[GameID "182807"]

1. e4 e5 2. f4 exf4 3. Nf3 g5 4. Bc4 d6 5. d4 h6 6. Nc3 c6 7. O-O b5 8. Bb3 Ba6 9. Rf2 Bg7 10. Bd2 Qb6
11. d5 c5 12. a3 c4 13. Ba2 b4 14. axb4 Qxb4 15. Qe1 Nd7 16. Re2 f6 17. Nd1 Qc5+ 18. Kh1 c3 19. Bxc3 Bxe2 20. Qxe2 Ne7
21. Bd4 Qc7 22. c3 O-O 23. h4 g4 24. Nd2 h5 25. Nf2 g3 26. Nh3 Rab8 27. Nxf4 Rxb2 28. Ne6 Qa5 29. Nxf8 Kxf8 30. Qe1 Rxa2
31. Nb3 Rxa1 32. Nxa1 Qa2 33. Qc1 Nc5 34. Bxc5 dxc5 35. Nc2 f5 36. d6 Nc6 37. Qf1 Qe6 38. Qf3 Qxe4 39. Qxg3 Qxc2 40. Qf4 Qd1+
41. Kh2 Be5
0-1

[Event "Recordando los clásicos"]
[Site "SchemingMind.com"]
[Date "2008.12.15"]
[Round "-"]
[White "keen"]
[Black "ajedrez perfecto"]
[Result "1-0"]
[WhiteCountry "SCO"]
[BlackCountry "BAH"]
[WhiteElo "1650"]
[WhiteRD "57"]
[BlackElo "1571"]
[BlackRD "83"]
[GameID "182808"]

1. e4 e5 2. f4 d5 3. exd5 exf4 4. Nf3 Qxd5 5. d4 Nf6 6. c4 Bb4+ 7. Nc3 Qa5 8. Bd2 O-O 9. a3 Re8+= 10. Be2 Bxc3
11. Bxc3 Qf5 12. O-O Ng4 13. Bd2 Ne3 14. Bxe3 Rxe3 15. Nh4 Qf6 16. Nf3 Bf5 17. Ne5
1-0

[Event "Recordando los clásicos"]
[Site "SchemingMind.com"]
[Date "2008.12.12"]
[Round "-"]
[White "keen"]
[Black "lemmie"]
[Result "0-1"]
[WhiteCountry "SCO"]
[BlackCountry "NED"]
[WhiteElo "1638"]
[WhiteRD "56"]
[BlackElo "1745"]
[BlackRD "51"]
[GameID "182809"]

1. e4 e5 2. f4 exf4 3. Nf3 g5 4. Bc4 g4 5. Ne5 Qh4+ 6. g3 fxg3 7. Qxg4 g2+ 8. Qxh4 gxh1=Q+ 9. Bf1 d6 10. Nxf7 Kxf7
11. Qh5+ Ke7 12. Qh4+ Nf6 13. d3 Be6 14. Bg5 Nd7 15. Nd2 Rg8 16. O-O-O Qg1 17. Nf3 Qg4 18. Bxf6+ Nxf6 19. Qxg4 Bxg4 20. Be2 Bh6+
0-1

[Event "Recordando los clásicos"]
[Site "SchemingMind.com"]
[Date "2008.12.17"]
[Round "-"]
[White "keen"]
[Black "slotheman"]
[Result "1-0"]
[WhiteCountry "SCO"]
[BlackCountry "USA"]
[WhiteElo "1671"]
[WhiteRD "56"]
[BlackElo "1715"]
[BlackRD "78"]
[GameID "182810"]

1. e4 e5 2. f4 f6 3. Bc4 b6 4. Nf3 Bb7 5. d3 Bc5 6. Nc3 d6 7. Bd2 Nd7 8. Qe2 exf4 9. Bxf4 Bb4 10. Bd2 c6
11. O-O-O Ne7 12. a3 Bxc3 13. Bxc3 b5 14. Bb3 Nc5 15. Ba2 Qd7 16. d4 Ne6 17. e5 fxe5 18. dxe5 d5 19. Nd4 O-O 20. Qg4 Bc8
21. Rhf1 Rxf1 22. Rxf1 Nxd4 23. Qxd4 Qe8 24. e6 Qg6 25. Rf7 Nf5 26. Qc5 h6 27. Qf8+ Kh7 28. e7 Bd7 29. Rxg7+ Nxg7 30. Qxa8 Ne8
31. Qd8 Bf5 32. Bb3 Qg5+ 33. Kb1 Bg6 34. a4 b4 35. Bxb4 Qxg2 36. Qd7 Qe4 37. Qxc6 Qxb4 38. Qxd5 Qe1+ 39. Ka2 h5 40. Qg8+ Kh6
41. Qh8+ Kg5 42. Qf8 Qc1 43. Bf7 Nd6 44. Bxg6 Kxg6 45. Qg8+ Kh6 46. Qe6+ Kg5 47. Qxd6 Qe3 48. Qd8 Qe6+ 49. b3 Qe2 50. e8=Q+
1-0

[Event "Recordando los clásicos"]
[Site "SchemingMind.com"]
[Date "2008.12.10"]
[Round "-"]
[White "keen"]
[Black "aadaam"]
[Result "0-1"]
[WhiteCountry "SCO"]
[BlackCountry "INT"]
[WhiteElo "1694"]
[WhiteRD "57"]
[BlackElo "1778"]
[BlackRD "44"]
[GameID "182811"]

1. e4 e5 2. f4 exf4 3. h4 Be7 4. Nf3 Nf6 5. e5 Ne4 6. d3 Ng3 7. Rh2 Nxf1 8. Kxf1 d6 9. Bxf4 Nc6 10. Nc3 O-O
11. Ng5 f6 12. Nf3 fxe5 13. Bg3 Bg4 14. Kg1 Nd4 15. Nd5 Bxf3 16. gxf3 Nxf3+ 17. Kg2 Nxh2 18. Nxe7+ Qxe7 19. Kxh2 Rf5 20. Qe2 Raf8
21. Rg1 Qf7 22. a3 Qh5 23. Qe4 c6 24. Qg2 g5 25. Be1 Kh8 26. d4 exd4 27. Qd2 c5 28. c3 Re8 29. Rg2 Rfe5 30. Qf2 Qxh4+
31. Qxh4 gxh4 32. Bxh4 Rh5 33. Kh3 Re4 34. Rg4 Rxh4+ 35. Kxh4 Rxg4+ 36. Kxg4 dxc3 37. bxc3 Kg7
0-1